[Event "DVM U16w 2024"]
[Site "Neumünster GER"]
[Date "2024.12.28"]
[Round "3"]
[White "Neitzke, Loreley"]
[Black "Guliyeva, Zahra"]
[Result "0-1"]
[Termination "normal"]
[Board "10.2"]
[WhiteElo "883"]
[BlackElo "1053"]
[WhiteClock "01:17:18"]
[BlackClock "00:50:26"]
[WhiteTeam "SV Eintracht Tangerhütte"]
[BlackTeam "SC Agon Neumünster"]
[PlyCount "112"]
[BlackFideId "34630198"]
[EventCountry "GER"]
[EventRounds "7"]
[EventType "team-swiss"]
[EventDate "2024.12.26"]

1. d4 {[%clk 01:30:56]} {[%emt 00:00:03]} d5 {[%clk 01:30:59]} 2. e3 {[%clk
01:31:10]} {[%emt 00:00:17]} Nc6 {[%clk 01:31:13]} {[%emt 00:00:16]} 3. f4
{[%clk 01:31:03]} {[%emt 00:00:37]} Nf6 {[%clk 01:31:29]} {[%emt 00:00:14]} 4.
Nh3 {[%clk 01:31:15]} {[%emt 00:00:18]} e6 {[%clk 01:30:35]} {[%emt 00:01:24]}
5. Bd3 {[%clk 01:30:29]} {[%emt 00:01:16]} Bd6 {[%clk 01:30:22]} {[%emt
00:00:44]} 6. Nd2 {[%clk 01:29:19]} {[%emt 00:01:40]} O-O {[%clk 01:29:47]}
{[%emt 00:01:05]} 7. c3 {[%clk 01:29:31]} {[%emt 00:00:17]} b6 {[%clk
01:26:46]} {[%emt 00:03:33]} 8. b3 {[%clk 01:29:47]} {[%emt 00:00:13]} Bb7
{[%clk 01:27:04]} {[%emt 00:00:12]} 9. Bb2 {[%clk 01:30:06]} {[%emt 00:00:11]}
Ne7 {[%clk 00:57:39]} {[%emt 00:29:54]} 10. O-O {[%clk 01:28:33]} {[%emt
00:02:02]} Nf5 {[%clk 00:56:39]} {[%emt 00:01:30]} 11. Qe2 {[%clk 01:27:52]}
{[%emt 00:01:12]} a5 {[%clk 00:55:48]} {[%emt 00:01:21]} 12. g4 {[%clk
01:26:10]} {[%emt 00:02:12]} Nh4 {[%clk 00:53:57]} {[%emt 00:02:19]} 13. g5
{[%clk 01:26:03]} {[%emt 00:00:38]} Ne4 {[%clk 00:54:06]} {[%emt 00:00:21]} 14.
Bxe4 {[%clk 01:25:28]} {[%emt 00:01:04]} dxe4 {[%clk 00:54:29]} {[%emt
00:00:09]} 15. Nf2 {[%clk 01:25:08]} {[%emt 00:00:50]} Nf3+ {[%clk 00:53:13]}
{[%emt 00:01:46]} 16. Nxf3 {[%clk 01:24:26]} {[%emt 00:01:10]} exf3 {[%clk
00:53:23]} {[%emt 00:00:22]} 17. Qd3 {[%clk 01:24:44]} {[%emt 00:00:12]} c5
{[%clk 00:49:58]} {[%emt 00:03:55]} 18. Ba3 {[%clk 01:23:48]} {[%emt 00:01:26]}
Ba6 {[%clk 00:47:26]} {[%emt 00:03:01]} 19. c4 {[%clk 01:23:43]} {[%emt
00:00:36]} cxd4 {[%clk 00:47:24]} {[%emt 00:00:32]} 20. Bxd6 {[%clk 01:24:02]}
{[%emt 00:00:10]} Qxd6 {[%clk 00:47:47]} {[%emt 00:00:09]} 21. Qxd4 {[%clk
01:24:07]} {[%emt 00:00:23]} Qe7 {[%clk 00:46:19]} {[%emt 00:01:57]} 22. Qxb6
{[%clk 01:23:42]} {[%emt 00:00:56]} e5 {[%clk 00:46:11]} {[%emt 00:00:38]} 23.
Qxa5 {[%clk 01:23:23]} {[%emt 00:00:50]} Bxc4 {[%clk 00:45:13]} {[%emt
00:01:29]} 24. Qxe5 {[%clk 01:23:35]} {[%emt 00:00:16]} Qxe5 {[%clk 00:45:35]}
{[%emt 00:00:09]} 25. fxe5 {[%emt 00:00:08]} Bxf1 {[%emt 00:00:05]} 26. Kxf1
{[%clk 01:23:21]} {[%emt 00:00:30]} Rae8 {[%clk 00:45:53]} {[%emt 00:00:14]}
27. Ng4 {[%clk 01:23:10]} {[%emt 00:00:41]} f5 {[%clk 00:46:06]} {[%emt
00:00:17]} 28. Nf2 {[%clk 01:21:12]} {[%emt 00:02:28]} Rxe5 {[%clk 00:46:26]}
{[%emt 00:00:10]} 29. Nd1 {[%clk 01:20:19]} {[%emt 00:01:24]} f4 {[%clk
00:46:38]} {[%emt 00:00:17]} 30. Kf2 {[%clk 01:20:15]} {[%emt 00:00:33]} fxe3+
{[%clk 00:47:03]} {[%emt 00:00:06]} 31. Nxe3 {[%clk 01:19:58]} {[%emt
00:00:47]} Rxg5 {[%clk 00:47:25]} {[%emt 00:00:08]} 32. a4 {[%clk 01:19:42]}
{[%emt 00:00:47]} Rh5 {[%clk 00:47:47]} {[%emt 00:00:08]} 33. Ng4 {[%clk
01:19:50]} {[%emt 00:00:22]} Rd5 {[%clk 00:47:37]} {[%emt 00:00:34]} 34. a5
{[%clk 01:19:39]} {[%emt 00:00:47]} Rd2+ {[%clk 00:47:59]} {[%emt 00:00:07]}
35. Ke3 {[%clk 01:19:46]} {[%emt 00:00:24]} Re2+ {[%clk 00:48:15]} {[%emt
00:00:14]} 36. Kd3 {[%clk 01:19:21]} {[%emt 00:00:55]} Rd8+ {[%clk 00:47:33]}
{[%emt 00:01:07]} 37. Kc3 {[%clk 01:18:57]} {[%emt 00:00:59]} Rdd2 {[%clk
00:47:39]} {[%emt 00:00:23]} 38. Rc1 {[%clk 01:18:36]} {[%emt 00:00:52]} h5
{[%clk 00:47:24]} {[%emt 00:00:42]} 39. a6 {[%clk 01:18:33]} {[%emt 00:00:36]}
hxg4 {[%clk 00:47:40]} {[%emt 00:00:13]} 40. a7 {[%clk 01:18:47]} {[%emt
00:00:17]} Rd8 {[%clk 00:47:51]} {[%emt 00:00:19]} 41. b4 {[%clk 01:18:55]}
{[%emt 00:00:22]} Rc8+ {[%clk 00:48:12]} {[%emt 00:00:09]} 42. Kb3 {[%clk
01:18:48]} {[%emt 00:00:37]} Rxc1 {[%clk 00:48:32]} {[%emt 00:00:09]} 43. a8=Q+
{[%emt 00:00:14]} Kh7 {[%emt 00:00:10]} 44. b5 {[%clk 01:18:05]} {[%emt
00:00:49]} Rb1+ {[%clk 00:48:50]} {[%emt 00:00:12]} 45. Kc4 {[%clk 01:17:51]}
{[%emt 00:00:44]} Rc1+ {[%clk 00:48:38]} {[%emt 00:00:42]} 46. Kb4 {[%clk
01:17:33]} {[%emt 00:00:47]} Rb2+ {[%clk 00:49:04]} {[%emt 00:00:05]} 47. Ka5
{[%clk 01:17:06]} {[%emt 00:00:57]} Ra1+ {[%clk 00:49:20]} {[%emt 00:00:14]}
48. Kb6 {[%clk 01:17:08]} {[%emt 00:00:28]} Rxa8 {[%clk 00:49:47]} {[%emt
00:00:04]} 49. Kb7 {[%clk 01:17:09]} {[%emt 00:00:28]} Re8 {[%clk 00:49:56]}
{[%emt 00:00:19]} 50. Kc6 {[%clk 01:17:15]} {[%emt 00:00:25]} Rc2+ {[%clk
00:50:19]} {[%emt 00:00:08]} 51. Kd6 {[%clk 01:17:02]} {[%emt 00:00:43]} Rce2
{[%clk 00:50:25]} {[%emt 00:00:24]} 52. Kc6 {[%clk 01:16:52]} {[%emt 00:00:40]}
f2 {[%clk 00:50:30]} {[%emt 00:00:25]} 53. b6 {[%clk 01:16:53]} {[%emt
00:00:29]} f1=Q {[%emt 00:00:10]} 54. b7 {[%emt 00:00:35]} Qc1+ {[%clk
00:50:02]} {[%emt 00:00:14]} 55. Kb6 {[%clk 01:17:06]} {[%emt 00:00:17]} Rb2+
{[%clk 00:50:26]} {[%emt 00:00:05]} 56. Ka6 {[%clk 01:17:18]} {[%emt 00:00:17]}
Qa1# {[%emt 00:00:05]} 0-1

[Event "DVM U16w 2024"]
[Site "Neumünster GER"]
[Date "2024.12.28"]
[Round "4"]
[White "Lorenz, Veronika"]
[Black "Jacobasch, Ronja"]
[Result "0-1"]
[Termination "normal"]
[Board "1.1"]
[WhiteElo "1973"]
[BlackElo "1801"]
[WhiteClock "00:13:13"]
[BlackClock "00:10:06"]
[WhiteTeam "TSG Oberschöneweide"]
[BlackTeam "SSV Altenberg"]
[PlyCount "90"]
[WhiteFideId "16277406"]
[BlackFideId "34604340"]
[EventCountry "GER"]
[EventRounds "7"]
[EventType "team-swiss"]
[EventDate "2024.12.26"]

1. e4 {[%clk 01:30:58]} {[%emt 00:00:01]} d6 {[%clk 01:30:53]} {[%emt
00:00:07]} 2. d4 {[%clk 01:31:27]} {[%emt 00:00:01]} Nf6 {[%clk 01:31:17]}
{[%emt 00:00:06]} 3. Nc3 {[%clk 01:31:56]} {[%emt 00:00:02]} g6 {[%clk
01:31:39]} {[%emt 00:00:08]} 4. Be3 {[%clk 01:32:24]} {[%emt 00:00:01]} c6
{[%clk 01:31:41]} {[%emt 00:00:29]} 5. h3 {[%clk 01:26:28]} {[%emt 00:06:26]}
Nbd7 {[%clk 01:27:26]} {[%emt 00:04:44]} 6. f4 {[%clk 01:26:52]} {[%emt
00:00:06]} Qa5 {[%clk 01:17:14]} {[%emt 00:10:43]} 7. Bd3 {[%clk 01:25:12]}
{[%emt 00:02:09]} e5 {[%clk 01:10:22]} {[%emt 00:07:22]} 8. Qd2 {[%clk
01:16:45]} {[%emt 00:08:57]} Bg7 {[%clk 01:02:59]} {[%emt 00:07:53]} 9. Nf3
{[%clk 01:17:02]} {[%emt 00:00:13]} O-O {[%clk 00:56:43]} {[%emt 00:06:46]} 10.
g4 {[%clk 01:01:35]} {[%emt 00:15:56]} Re8 {[%clk 00:44:02]} {[%emt 00:13:12]}
11. O-O-O {[%clk 00:48:39]} {[%emt 00:13:25]} exd4 {[%clk 00:36:48]} {[%emt
00:07:45]} 12. Bxd4 {[%clk 00:47:56]} {[%emt 00:01:13]} b5 {[%clk 00:29:49]}
{[%emt 00:07:29]} 13. g5 {[%clk 00:17:41]} {[%emt 00:30:45]} b4 {[%clk
00:23:02]} {[%emt 00:07:18]} 14. Nb1 {[%clk 00:18:09]} {[%emt 00:00:01]} Nxe4
{[%clk 00:16:25]} {[%emt 00:07:08]} 15. Bxe4 {[%clk 00:18:37]} {[%emt
00:00:01]} Rxe4 {[%clk 00:16:37]} {[%emt 00:00:18]} 16. Bxg7 {[%clk 00:18:56]}
{[%emt 00:00:11]} Kxg7 {[%clk 00:17:00]} {[%emt 00:00:07]} 17. Qxd6 {[%clk
00:18:39]} {[%emt 00:00:47]} Qc5 {[%clk 00:16:44]} {[%emt 00:00:46]} 18. Qxc5
{[%clk 00:09:47]} {[%emt 00:09:22]} Nxc5 {[%clk 00:17:13]} {[%emt 00:00:02]}
19.
Rd4 {[%clk 00:10:10]} {[%emt 00:00:07]} Bf5 {[%clk 00:15:25]} {[%emt 00:02:17]}
20. Nbd2 {[%clk 00:10:05]} {[%emt 00:00:35]} Rxd4 {[%clk 00:14:37]} {[%emt
00:01:18]} 21. Nxd4 {[%clk 00:10:33]} {[%emt 00:00:02]} Bd7 {[%clk 00:13:23]}
{[%emt 00:01:44]} 22. Nc4 {[%clk 00:09:08]} {[%emt 00:01:54]} Ne6 {[%clk
00:12:31]} {[%emt 00:01:23]} 23. Nxe6+ {[%clk 00:08:56]} {[%emt 00:00:42]} Bxe6
{[%clk 00:12:58]} {[%emt 00:00:03]} 24. Ne5 {[%clk 00:09:21]} {[%emt 00:00:05]}
Bd5 {[%clk 00:12:12]} {[%emt 00:01:16]} 25. Re1 {[%clk 00:08:01]} {[%emt
00:01:49]} Re8 {[%clk 00:11:20]} {[%emt 00:01:23]} 26. a3 {[%clk 00:05:09]}
{[%emt 00:03:22]} c5 {[%clk 00:10:03]} {[%emt 00:01:47]} 27. Kd2 {[%clk
00:04:57]} {[%emt 00:00:41]} Be6 {[%clk 00:09:49]} {[%emt 00:00:45]} 28. h4
{[%clk 00:04:54]} {[%emt 00:00:33]} Rd8+ {[%clk 00:10:01]} {[%emt 00:00:18]}
29.
Kc1 {[%clk 00:03:37]} {[%emt 00:01:46]} Rd4 {[%clk 00:09:24]} {[%emt 00:01:08]}
30. Rf1 {[%clk 00:02:10]} {[%emt 00:01:57]} Bf5 {[%clk 00:08:10]} {[%emt
00:01:44]} 31. Rf2 {[%clk 00:02:14]} {[%emt 00:00:26]} bxa3 {[%clk 00:06:24]}
{[%emt 00:02:16]} 32. bxa3 {[%clk 00:02:43]} Ra4 {[%clk 00:06:08]} {[%emt
00:00:45]} 33. Kb2 {[%clk 00:03:07]} {[%emt 00:00:07]} f6 {[%clk 00:05:04]}
{[%emt 00:01:34]} 34. Nd3 {[%clk 00:01:37]} {[%emt 00:01:59]} fxg5 {[%clk
00:03:53]} {[%emt 00:01:42]} 35. hxg5 {[%clk 00:01:58]} {[%emt 00:00:08]} Bxd3
{[%clk 00:02:10]} {[%emt 00:02:13]} 36. cxd3 {[%clk 00:02:28]} {[%emt
00:00:01]} Rd4 {[%clk 00:02:08]} {[%emt 00:00:33]} 37. Kc3 {[%clk 00:02:55]}
{[%emt 00:00:02]} Kf7 {[%clk 00:01:05]} {[%emt 00:01:33]} 38. Rh2 {[%clk
00:01:54]} {[%emt 00:01:30]} Kg7 {[%clk 00:01:29]} {[%emt 00:00:07]} 39. Rf2
{[%clk 00:00:59]} {[%emt 00:01:24]} Ra4 {[%clk 00:01:18]} {[%emt 00:00:42]} 40.
Kb2 {[%clk 00:01:09]} {[%emt 00:00:19]} Rd4 {[%clk 00:01:41]} {[%emt 00:00:08]}
41. Rc2 {[%clk 00:19:07]} {[%emt 00:12:31]} Rxf4 {[%clk 00:19:25]} {[%emt
00:12:46]} 42. Rxc5 {[%clk 00:19:36]} {[%emt 00:00:03]} h5 {[%clk 00:16:30]}
{[%emt 00:03:24]} 43. gxh6+ {[%clk 00:14:23]} {[%emt 00:05:42]} Kxh6 {[%clk
00:16:45]} {[%emt 00:00:15]} 44. Rc4 {[%clk 00:12:45]} {[%emt 00:02:08]} Rxc4
{[%clk 00:10:10]} {[%emt 00:07:06]} 45. dxc4 {[%clk 00:13:13]} {[%emt
00:00:02]} Kg5 {[%clk 00:10:06]} {[%emt 00:00:34]} 46. Kc3 {[%clk 00:11:29]}
{[%emt 00:02:14]} Kf5 {[%clk 00:10:09]} {[%emt 00:00:26]} 47. Kd4 {[%clk
00:06:38]} {[%emt 00:05:21]} Ke6 {[%clk 00:09:41]} {[%emt 00:00:59]} 48. a4
{[%clk 00:04:04]} {[%emt 00:03:04]} Kd6 {[%clk 00:07:19]} {[%emt 00:02:51]} 49.
a5 {[%clk 00:04:02]} {[%emt 00:00:33]} a6 {[%clk 00:07:17]} {[%emt 00:00:33]}
50. c5+ {[%clk 00:03:15]} {[%emt 00:01:16]} Kc6 {[%clk 00:07:40]} {[%emt
00:00:07]} 51. Kc4 {[%clk 00:02:47]} {[%emt 00:00:58]} g5 {[%clk 00:07:32]}
{[%emt 00:00:37]} 52. Kd4 {[%clk 00:03:04]} {[%emt 00:00:14]} g4 {[%clk
00:07:35]} {[%emt 00:00:27]} 53. Ke4 {[%clk 00:02:12]} {[%emt 00:01:22]} Kxc5
{[%clk 00:07:55]} {[%emt 00:00:11]} 54. Kf4 {[%clk 00:02:37]} {[%emt 00:00:04]}
Kb5 {[%clk 00:08:12]} {[%emt 00:00:13]} 55. Kxg4 {[%clk 00:03:05]} {[%emt
00:00:01]} Kxa5 {[%clk 00:08:35]} {[%emt 00:00:08]} 56. Kf3 {[%clk 00:03:30]}
{[%emt 00:00:05]} Kb4 {[%clk 00:08:46]} {[%emt 00:00:19]} 57. Ke2 {[%clk
00:03:55]} {[%emt 00:00:05]} Kc3 {[%clk 00:08:14]} {[%emt 00:01:02]} 58. Kd1
{[%clk 00:04:13]} {[%emt 00:00:11]} Kb2 {[%clk 00:08:23]} {[%emt 00:00:22]} 59.
Kd2 {[%clk 00:04:39]} {[%emt 00:00:04]} a5 {[%clk 00:08:44]} {[%emt 00:00:08]}
0-1

[Event "DVM U16w 2024"]
[Site "Neumünster GER"]
[Date "2024.12.28"]
[Round "4"]
[White "Müller, Cosima"]
[Black "Fock, Madiha"]
[Result "0-1"]
[Termination "normal"]
[Board "1.2"]
[WhiteElo "1757"]
[BlackElo "1797"]
[WhiteClock "00:07:55"]
[BlackClock "00:36:09"]
[WhiteTeam "SSV Altenberg"]
[BlackTeam "TSG Oberschöneweide"]
[PlyCount "102"]
[WhiteFideId "34601490"]
[BlackFideId "16253574"]
[EventCountry "GER"]
[EventRounds "7"]
[EventType "team-swiss"]
[EventDate "2024.12.26"]

1. e4 {[%clk 01:30:58]} {[%emt 00:00:02]} c5 {[%clk 01:30:56]} {[%emt
00:00:05]} 2. Nf3 {[%clk 01:31:24]} {[%emt 00:00:04]} d6 {[%clk 01:31:19]}
{[%emt 00:00:07]} 3. d4 {[%clk 01:31:41]} {[%emt 00:00:12]} cxd4 {[%clk
01:31:43]} {[%emt 00:00:06]} 4. Nxd4 {[%clk 01:32:03]} {[%emt 00:00:08]} Nf6
{[%clk 01:32:04]} {[%emt 00:00:09]} 5. Nc3 {[%clk 01:32:28]} {[%emt 00:00:05]}
a6 {[%clk 01:32:30]} {[%emt 00:00:05]} 6. Bg5 {[%clk 01:32:26]} {[%emt
00:00:32]} Nbd7 {[%clk 01:32:33]} {[%emt 00:00:27]} 7. f4 {[%clk 01:32:18]}
{[%emt 00:00:37]} Qc7 {[%clk 01:32:36]} {[%emt 00:00:26]} 8. Qf3 {[%clk
01:32:19]} {[%emt 00:00:30]} b5 {[%clk 01:32:17]} {[%emt 00:00:49]} 9. O-O-O
{[%clk 01:28:13]} {[%emt 00:04:36]} Bb7 {[%clk 01:31:14]} {[%emt 00:01:33]} 10.
Bd3 {[%clk 01:26:20]} {[%emt 00:02:22]} g6 {[%clk 01:25:55]} {[%emt 00:05:50]}
11. g4 {[%clk 01:23:17]} {[%emt 00:03:33]} Bg7 {[%clk 01:23:01]} {[%emt
00:03:24]} 12. f5 {[%clk 01:17:10]} {[%emt 00:06:38]} Ne5 {[%clk 01:20:33]}
{[%emt 00:02:58]} 13. Qf4 {[%clk 01:07:12]} {[%emt 00:10:23]} Nfxg4 {[%clk
01:10:33]} {[%emt 00:10:34]} 14. fxg6 {[%clk 01:03:24]} {[%emt 00:04:19]} hxg6
{[%clk 01:10:16]} {[%emt 00:00:46]} 15. h3 {[%clk 00:53:53]} {[%emt 00:10:02]}
Nf6 {[%clk 01:08:48]} {[%emt 00:01:58]} 16. Nf3 {[%clk 00:48:43]} {[%emt
00:05:37]} Nxd3+ {[%clk 01:01:19]} {[%emt 00:08:01]} 17. Rxd3 {[%clk 00:48:25]}
{[%emt 00:00:49]} b4 {[%clk 01:00:05]} {[%emt 00:01:44]} 18. Nd5 {[%clk
00:43:14]} {[%emt 00:05:41]} Bxd5 {[%clk 00:59:43]} {[%emt 00:00:51]} 19. exd5
{[%clk 00:42:47]} {[%emt 00:00:57]} Rc8 {[%clk 00:59:23]} {[%emt 00:00:50]} 20.
Ne1 {[%clk 00:40:14]} {[%emt 00:03:03]} Qa5 {[%clk 00:55:53]} {[%emt 00:04:00]}
21. Kb1 {[%clk 00:31:54]} {[%emt 00:08:51]} Nxd5 {[%clk 00:51:27]} {[%emt
00:04:56]} 22. Qe4 {[%clk 00:30:19]} {[%emt 00:02:03]} e6 {[%clk 00:51:01]}
{[%emt 00:00:57]} 23. Ng2 {[%clk 00:28:18]} {[%emt 00:02:32]} Nc3+ {[%clk
00:49:47]} {[%emt 00:01:43]} 24. bxc3 {[%clk 00:26:23]} {[%emt 00:02:24]} Qxg5
{[%clk 00:47:51]} {[%emt 00:02:27]} 25. cxb4 {[%clk 00:24:41]} {[%emt
00:02:13]} d5 {[%clk 00:46:32]} {[%emt 00:01:48]} 26. Qe2 {[%clk 00:23:28]}
{[%emt 00:01:42]} Qf6 {[%clk 00:45:31]} {[%emt 00:01:31]} 27. c3 {[%clk
00:21:18]} {[%emt 00:02:41]} Rxc3 {[%clk 00:45:08]} {[%emt 00:00:53]} 28. Rf1
{[%clk 00:20:13]} {[%emt 00:01:34]} Qe7 {[%clk 00:44:58]} {[%emt 00:00:41]} 29.
Rxc3 {[%clk 00:19:51]} {[%emt 00:00:52]} Bxc3 {[%clk 00:45:08]} {[%emt
00:00:20]} 30. a3 {[%clk 00:19:41]} {[%emt 00:00:41]} Qb7 {[%clk 00:43:36]}
{[%emt 00:02:01]} 31. Nf4 {[%clk 00:16:25]} {[%emt 00:03:46]} Qb5 {[%clk
00:35:49]} {[%emt 00:08:17]} 32. Rc1 {[%clk 00:11:54]} {[%emt 00:05:01]} Qxe2
{[%clk 00:33:33]} {[%emt 00:02:46]} 33. Nxe2 {[%clk 00:12:19]} {[%emt
00:00:04]} Be5 {[%clk 00:32:53]} {[%emt 00:01:11]} 34. Rc6 {[%clk 00:08:12]}
{[%emt 00:04:37]} Rxh3 {[%clk 00:33:14]} {[%emt 00:00:09]} 35. Rxa6 {[%clk
00:08:21]} {[%emt 00:00:21]} Rh2 {[%clk 00:33:37]} {[%emt 00:00:07]} 36. Ra8+
{[%clk 00:07:24]} {[%emt 00:01:28]} Ke7 {[%clk 00:34:00]} {[%emt 00:00:06]} 37.
b5 {[%clk 00:06:26]} {[%emt 00:01:28]} Rxe2 {[%clk 00:34:16]} {[%emt 00:00:14]}
38. a4 {[%clk 00:06:49]} {[%emt 00:00:07]} Rb2+ {[%clk 00:34:25]} {[%emt
00:00:20]} 39. Kc1 {[%clk 00:07:13]} {[%emt 00:00:07]} Rb4 {[%clk 00:34:36]}
{[%emt 00:00:19]} 40. Kd2 {[%clk 00:06:41]} {[%emt 00:01:03]} g5 {[%clk
00:34:43]} {[%emt 00:00:22]} 41. Ke3 {[%clk 00:07:00]} {[%emt 00:00:11]} g4
{[%clk 00:34:58]} {[%emt 00:00:15]} 42. Kf2 {[%clk 00:06:50]} {[%emt 00:00:41]}
d4 {[%clk 00:34:42]} {[%emt 00:00:46]} 43. Rg8 {[%clk 00:06:48]} {[%emt
00:00:31]} d3 {[%clk 00:34:52]} {[%emt 00:00:20]} 44. Ke3 {[%clk 00:07:00]}
{[%emt 00:00:18]} Rxa4 {[%clk 00:34:44]} {[%emt 00:00:38]} 45. Kxd3 {[%clk
00:07:22]} {[%emt 00:00:08]} Rb4 {[%clk 00:35:07]} {[%emt 00:00:07]} 46. Rg5
{[%clk 00:07:01]} {[%emt 00:00:51]} Kf6 {[%clk 00:35:20]} {[%emt 00:00:18]} 47.
Rg8 {[%clk 00:07:04]} {[%emt 00:00:27]} g3 {[%clk 00:35:43]} {[%emt 00:00:06]}
48. Ke2 {[%clk 00:07:23]} {[%emt 00:00:12]} Rxb5 {[%clk 00:36:05]} {[%emt
00:00:08]} 49. Kf1 {[%clk 00:07:40]} {[%emt 00:00:12]} Rb2 {[%clk 00:35:54]}
{[%emt 00:00:41]} 50. Kg1 {[%clk 00:07:59]} {[%emt 00:00:11]} Bd4+ {[%clk
00:36:09]} {[%emt 00:00:15]} 51. Kh1 {[%clk 00:07:55]} {[%emt 00:00:32]} Rh2#
{[%emt 00:00:09]} 0-1

[Event "DVM U16w 2024"]
[Site "Neumünster GER"]
[Date "2024.12.28"]
[Round "4"]
[White "Vogt, Luna"]
[Black "Glotz, Diana"]
[Result "0-1"]
[Termination "normal"]
[Board "1.3"]
[WhiteElo "1735"]
[BlackElo "1641"]
[WhiteClock "00:32:31"]
[BlackClock "00:29:36"]
[WhiteTeam "TSG Oberschöneweide"]
[BlackTeam "SSV Altenberg"]
[PlyCount "88"]
[WhiteFideId "34607153"]
[BlackFideId "16278500"]
[EventCountry "GER"]
[EventRounds "7"]
[EventType "team-swiss"]
[EventDate "2024.12.26"]

1. d4 {[%clk 01:30:30]} {[%emt 01:05:18]} c5 {[%clk 01:30:11]} {[%emt
00:01:32]} 2. d5 {[%clk 01:31:19]} {[%emt 00:00:09]} d6 {[%clk 01:30:27]}
{[%emt 00:00:14]} 3. c4 {[%clk 01:31:30]} {[%emt 00:00:20]} e5 {[%clk
01:30:16]} {[%emt 00:00:41]} 4. e4 {[%clk 01:31:48]} {[%emt 00:00:11]} Be7
{[%clk 01:30:00]} {[%emt 00:00:46]} 5. Nf3 {[%clk 01:31:24]} {[%emt 00:00:55]}
Nf6 {[%clk 01:28:47]} {[%emt 00:01:43]} 6. Nc3 {[%clk 01:31:45]} {[%emt
00:00:09]} O-O {[%clk 01:27:36]} {[%emt 00:01:41]} 7. Bd3 {[%clk 01:31:56]}
{[%emt 00:00:18]} Ne8 {[%clk 01:25:21]} {[%emt 00:02:46]} 8. Qc2 {[%clk
01:29:37]} {[%emt 00:02:49]} g6 {[%clk 01:25:01]} {[%emt 00:00:51]} 9. Bd2
{[%clk 01:21:23]} {[%emt 00:08:43]} Ng7 {[%clk 01:24:31]} {[%emt 00:01:00]} 10.
h3 {[%clk 01:19:42]} {[%emt 00:02:10]} f5 {[%clk 01:22:14]} {[%emt 00:02:48]}
11. O-O-O {[%clk 01:18:43]} {[%emt 00:01:29]} Na6 {[%clk 01:19:36]} {[%emt
00:03:09]} 12. a3 {[%clk 01:18:24]} {[%emt 00:00:48]} Nc7 {[%clk 01:19:10]}
{[%emt 00:00:56]} 13. Rdf1 {[%clk 01:16:18]} {[%emt 00:02:35]} Bd7 {[%clk
01:18:13]} {[%emt 00:01:28]} 14. Nh2 {[%clk 01:15:37]} {[%emt 00:01:10]} f4
{[%clk 01:11:10]} {[%emt 00:07:33]} 15. Be2 {[%clk 01:13:28]} {[%emt 00:02:38]}
a6 {[%clk 01:10:16]} {[%emt 00:01:26]} 16. Bg4 {[%clk 01:10:59]} {[%emt
00:02:59]} b5 {[%clk 01:08:46]} {[%emt 00:02:00]} 17. Ne2 {[%clk 01:05:07]}
{[%emt 00:06:21]} bxc4 {[%clk 00:59:08]} {[%emt 00:10:10]} 18. Qxc4 {[%clk
01:04:13]} {[%emt 00:01:23]} Bb5 {[%clk 00:57:24]} {[%emt 00:02:14]} 19. Qc2
{[%clk 01:03:10]} {[%emt 00:01:32]} Bxe2 {[%clk 00:55:12]} {[%emt 00:02:42]}
20. Bxe2 {[%clk 01:03:33]} {[%emt 00:00:07]} Nb5 {[%clk 00:55:25]} {[%emt
00:00:17]} 21. Qc4 {[%clk 00:59:43]} {[%emt 00:04:20]} Qb6 {[%clk 00:53:39]}
{[%emt 00:02:17]} 22. Bd1 {[%clk 00:48:47]} {[%emt 00:11:25]} Rab8 {[%clk
00:52:16]} {[%emt 00:01:54]} 23. Bc3 {[%clk 00:46:53]} {[%emt 00:02:23]} Rb7
{[%clk 00:46:07]} {[%emt 00:06:40]} 24. Re1 {[%clk 00:42:23]} {[%emt 00:05:00]}
Ne8 {[%clk 00:36:21]} {[%emt 00:10:15]} 25. Re2 {[%clk 00:37:09]} {[%emt
00:05:44]} Nec7 {[%clk 00:33:55]} {[%emt 00:02:56]} 26. Bxe5 {[%clk 00:27:32]}
{[%emt 00:10:06]} dxe5 {[%clk 00:32:31]} {[%emt 00:01:56]} 27. d6+ {[%clk
00:27:54]} {[%emt 00:00:07]} Kg7 {[%clk 00:30:38]} {[%emt 00:02:23]} 28. dxe7
{[%clk 00:27:14]} {[%emt 00:01:11]} Re8 {[%clk 00:30:04]} {[%emt 00:01:03]} 29.
Bb3 {[%clk 00:23:10]} {[%emt 00:04:34]} Qf6 {[%clk 00:28:11]} {[%emt 00:02:24]}
30. Ng4 {[%clk 00:21:24]} {[%emt 00:02:15]} Qxe7 {[%clk 00:27:57]} {[%emt
00:00:45]} 31. Ba2 {[%clk 00:18:51]} {[%emt 00:03:03]} Nd4 {[%clk 00:25:19]}
{[%emt 00:03:08]} 32. Rd2 {[%clk 00:19:00]} {[%emt 00:00:21]} Ncb5 {[%clk
00:18:11]} {[%emt 00:07:38]} 33. Qa4 {[%clk 00:14:01]} {[%emt 00:05:29]} Rb6
{[%clk 00:12:11]} {[%emt 00:06:30]} 34. Bd5 {[%clk 00:13:41]} {[%emt 00:00:49]}
Reb8 {[%clk 00:09:55]} {[%emt 00:02:45]} 35. Qc4 {[%clk 00:05:57]} {[%emt
00:08:15]} Nxa3 {[%clk 00:06:52]} {[%emt 00:03:34]} 36. Qa2 {[%clk 00:06:22]}
{[%emt 00:00:04]} Nab5 {[%clk 00:06:44]} {[%emt 00:00:38]} 37. Nh2 {[%clk
00:05:35]} {[%emt 00:01:17]} Nc7 {[%clk 00:04:05]} {[%emt 00:03:10]} 38. Nf3
{[%clk 00:05:20]} {[%emt 00:00:45]} Nxd5 {[%clk 00:03:28]} {[%emt 00:01:07]}
39. Nxd4 {[%clk 00:05:37]} {[%emt 00:00:13]} cxd4 {[%clk 00:03:38]} {[%emt
00:00:19]} 40. Qxd5 {[%clk 00:05:18]} {[%emt 00:00:49]} Rc8+ {[%clk 00:02:22]}
{[%emt 00:01:46]} 41. Kb1 {[%clk 00:04:30]} {[%emt 00:01:18]} Rb5 {[%clk
00:00:50]} {[%emt 00:02:02]} 42. Qa2 {[%clk 00:04:22]} {[%emt 00:00:38]} Qb7
{[%clk 00:00:41]} {[%emt 00:00:39]} 43. f3 {[%clk 00:04:00]} {[%emt 00:00:52]}
Qb6 {[%clk 00:29:59]} {[%emt 00:01:13]} 44. Rhd1 {[%clk 00:32:31]} {[%emt
00:01:58]} Ra5 {[%clk 00:29:36]} {[%emt 00:00:54]} 0-1